Banking with technology: a new vision - 2020 (Record no. 445806)

000 -LEADER
fixed length control field 00304cam a22001097a 4500
008 - FIXED-LENGTH DATA ELEMENTS--GENERAL INFORMATION
fixed length control field 180718b2017 xxu||||| |||| 00| 0 eng d
020 ## - INTERNATIONAL STANDARD BOOK NUMBER
International Standard Book Number 9788193317211
100 ## - MAIN ENTRY--PERSONAL NAME
Personal name Uppal, R.K
245 ## - TITLE STATEMENT
Title Banking with technology: a new vision - 2020
Statement of responsibility, etc. by R.K. Uppal
260 ## - PUBLICATION, DISTRIBUTION, ETC.
Place of publication, distribution, etc. New Delhi
Name of publisher, distributor, etc. Bharti
Date of publication, distribution, etc. 2017
300 ## - PHYSICAL DESCRIPTION
Extent 557p.
Holdings
Withdrawn status Lost status Damaged status Not for loan Permanent Location Current Location Date acquired Total Checkouts Full call number Barcode Date last seen Date last checked out Price effective from Koha item type
        Indian Institute of Public Administration Indian Institute of Public Administration 2017-09-04 1 T42x54 Up6 87262 2021-09-30 2021-09-27 2018-07-21 Book

Powered by Koha